000 010430am a22003130004500
008 001102s1998 enk b 001 0 eng
010 _a2001347002
020 _a1856042529
040 _aDLC
_cDLC
_dDLC
050 0 0 _aZ711.2
_b.K47 1998
092 0 4 _a025.56
_bK583
_221
099 _a04
_a025.56 K583
100 1 _aKirby, John,
_d1949 Mar. 9-
245 1 0 _aEmpowering the information user :
_bnew ways into user education /
_cJohn Kirby, Lucy Liddiard, and Kay Moore.
260 _aLondon :
_bLibrary Association Pub.,
_c1998.
300 _ax, 76 p. ;
_c22 cm.
440 4 _aThe successful LIS professional
504 _aIncludes bibliographical references ([73]-75) and index.
650 0 _aInformation retrieval
_xStudy and teaching.
650 0 _aInformation services
_xUser education.
650 0 _aLibrary orientation.
650 0 _aProblem solving
_xStudy and teaching.
700 1 _aLiddiard, Lucy.
700 1 _aMoore, Kay,
_d1956-
902 _a1
905 _aIbrahim
_eRev
905 _aReda
_eCat
942 _2ddc
_cBK
999 _c104268
_d104268